| 000 | 00649nam a2200229Ia 4500 | ||
|---|---|---|---|
| 008 | 180523s9999 xx 000 0 und d | ||
| 020 | _a981-240-484-8 | ||
| 050 | _aMAIN HF 5547.5 | ||
| 050 | _b.C35 2000 c.3 | ||
| 100 | _aCalkins, Patsy Fulton - | ||
| 245 | 0 | _aProcedures for the office professional / | |
| 245 | 0 | _cPatsy Fulton-Calkins, Joanna D. Hanks; contributing author Karin M. Stultz | |
| 260 | _aSingapore : | ||
| 260 | _bThomson Learning, | ||
| 260 | _c2000 | ||
| 300 | _a613 pages : | ||
| 300 | _billustrations ; | ||
| 300 | _c23 cm. | ||
| 500 | _aIncludes index. | ||
| 650 | _aOffice practice. | ||
| 650 | _xSecretaries. | ||
| 999 |
_c357125 _d357125 |
||